|
|
|
|
| LEADER |
00000nas a2200000 i 4500 |
| 001 |
ssj0001341679 |
| 003 |
WaSeSS |
| 005 |
20200512172242.0 |
| 006 |
m d |
| 007 |
cr n |
| 008 |
130710c20119999tu fr p s 0 0tur c |
| 010 |
|
|
|a 2014252668
|
| 022 |
|
|
|y 2146-7099
|
| 035 |
|
|
|a (WaSeSS)ssj0001341679
|
| 040 |
|
|
|a CNCGM
|b eng
|c CNCGM
|d CUS
|d Z5A
|d OCLCO
|d WAU
|d OCLCF
|d CUS
|d OCLCQ
|d AU@
|d WaSeSS
|
| 041 |
0 |
|
|a tur
|a eng
|
| 042 |
|
|
|a pcc
|
| 050 |
1 |
4 |
|a AS559.A1
|
| 210 |
1 |
0 |
|a İnsan toplum
|
| 245 |
0 |
0 |
|a İnsan & toplum
|h [electronic resource].
|
| 246 |
1 |
3 |
|a Human & society
|
| 246 |
1 |
3 |
|a İnsan & toplum dergisi
|
| 246 |
1 |
3 |
|a Journal of human & society
|
| 246 |
1 |
3 |
|a JHS
|
| 246 |
3 |
|
|a İnsan ve toplum
|
| 246 |
3 |
|
|a Human and society
|
| 260 |
|
|
|a Istanbul :
|b Ilmi Etüdler Derneği,
|c 2011-
|
| 310 |
|
|
|a Semiannual
|
| 362 |
1 |
|
|a Began with Cilt 1, Sayı 1 (2011).
|
| 506 |
|
|
|a License restrictions may limit access.
|
| 546 |
|
|
|a In Turkish with occasional articles in English.
|
| 588 |
|
|
|a Description based on: Cilt 1, Sayı 1 (2011); title from cover JPG (publisher's Web site, viewed Dec. 23, 2014).
|
| 588 |
|
|
|a Latest issue consulted: Cilt 4, Sayı 7 (2014) (publisher's Web site, viewed Dec. 23, 2014).
|
| 650 |
|
0 |
|a Humanities
|v Periodicals.
|
| 650 |
|
0 |
|a Social sciences
|v Periodicals.
|
| 650 |
|
7 |
|a Humanities.
|2 fast
|0 (OCoLC)fst00963588
|
| 650 |
|
7 |
|a Social sciences.
|2 fast
|0 (OCoLC)fst01122877
|
| 655 |
|
0 |
|a Electronic journals.
|
| 710 |
2 |
|
|a İlmi Etüdler Derneği.
|
| 776 |
0 |
8 |
|i Print version:
|t İnsan & Toplum Dergisi
|x 2146-7099
|
| 856 |
4 |
0 |
|z Full text available from Research Library: 01/01/2011 to present
|u https://search.proquest.com/publication/2045789
|